000 00723nam a2200253Ia 4500
003 OSt
005 20221006142953.0
006 a|||||r|||| 00| 0
007 ta
008 221006b |||||||| |||| 00| 0 eng d
020 _a0691008116
_c335.80
024 _a7,669
037 _cTextual
040 _aEASL
_cEASL
_beng
041 _2eng
_aeng
082 _aV4313:1942(zM).N75, M7
100 _aHAVENS Thomas R.H
245 0 _aFire across the sea
_b The Vietnam war and Japan 1965-1975
260 _aPrinceton
_bPrinceton University Press
_c1987
300 _a329p.
_ccm.
490 _v Oth
942 _hV4313:1942(zM).N75, M7
_cTEXL
_2CC
999 _c1075755
_d1075755